[Event "Hastings Masters"]
[Site "Hastings"]
[Date "2023.12.29"]
[Round "2.36"]
[White "Gibbs, Dominic V"]
[Black "Onuoha, Obioma"]
[Result "1-0"]
[WhiteElo "1795"]
[BlackElo "1995"]
[PlyCount "64"]
[EventDate "2023.12.28"]
[EventType "swiss"]
[EventRounds "9"]
[EventCountry "ENG"]
[SourceTitle "BritBase"]
[Source "John Saunders"]
[SourceDate "2024.01.08"]
[SourceVersion "1"]
[SourceVersionDate "2024.01.08"]
[SourceQuality "1"]

1. e4 e5 2. Nf3 Nf6 3. d3 Nc6 4. Be2 Bc5 5. c3 O-O 6. b4 Bb6 7. Nbd2 d6 8. O-O
a5 9. b5 Ne7 10. Nc4 Ba7 11. Bg5 Ng6 12. d4 h6 13. Bxf6 Qxf6 14. dxe5 dxe5 15.
Nxa5 Rd8 16. Qc2 Bxf2+ 17. Rxf2 Rxa5 18. Bc4 Be6 19. Qb3 Bxc4 20. Qxc4 Qb6 21.
a4 Rd6 22. Raf1 Rf6 23. h4 c6 24. h5 Nf4 25. Nxe5 Qe3 26. Ng4 Qb6 27. Nxf6+
gxf6 28. Qd4 Qxd4 29. cxd4 Nxh5 30. bxc6 Rxa4 31. c7 Rc4 32. Rf5 Kf8 1-0

[Event "Hastings Masters"]
[Site "Hastings"]
[Date "2023.12.29"]
[Round "2.38"]
[White "Gordon, Sean"]
[Black "Park, Inchan"]
[Result "1/2-1/2"]
[WhiteElo "1968"]
[BlackElo "1768"]
[PlyCount "86"]
[EventDate "2023.12.28"]
[EventType "swiss"]
[EventRounds "9"]
[EventCountry "ENG"]
[SourceTitle "BritBase"]
[Source "John Saunders"]
[SourceDate "2024.01.08"]
[SourceVersion "1"]
[SourceVersionDate "2024.01.08"]
[SourceQuality "1"]

1. e4 Nf6 2. e5 Nd5 3. d4 d6 4. c4 Nb6 5. exd6 cxd6 6. Nc3 g6 7. Nf3 Bg7 8. Be3
O-O 9. h3 Bf5 10. Be2 d5 11. cxd5 Nxd5 12. Nxd5 Qxd5 13. O-O Nc6 14. Qa4 a6 15.
Rac1 b5 16. Qb3 Qxb3 17. axb3 Nb4 18. Ne5 Be6 19. Bd2 Nd5 20. Bf3 Bxe5 21. dxe5
Rac8 22. Bg5 f6 23. Rxc8 Rxc8 24. exf6 exf6 25. Re1 Kf7 26. Bd2 Rc2 27. Bxd5
Bxd5 28. Bc3 Bxb3 29. Re4 Rc1+ 30. Kh2 Rd1 31. Kg3 Rd3+ 32. f3 h5 33. Rf4 Rd6
34. Kf2 Bc2 35. Rd4 Rxd4 36. Bxd4 Ke6 37. Ke3 Bb3 38. Kd2 Bd5 39. b4 h4 40. Bf2
g5 41. Ke3 f5 42. Be1 Kf6 43. Kf2 Ke5 1/2-1/2

[Event "Hastings Masters"]
[Site "Hastings"]
[Date "2023.12.29"]
[Round "2.42"]
[White "Alcindor, Samuel"]
[Black "Fryer, David W"]
[Result "1/2-1/2"]
[WhiteElo "1714"]
[BlackElo "1914"]
[PlyCount "125"]
[EventDate "2023.12.28"]
[EventType "swiss"]
[EventRounds "9"]
[EventCountry "ENG"]
[SourceTitle "BritBase"]
[Source "John Saunders"]
[SourceDate "2024.01.08"]
[SourceVersion "1"]
[SourceVersionDate "2024.01.08"]
[SourceQuality "1"]

1. c4 Nf6 2. Nc3 e6 3. e4 d5 4. cxd5 exd5 5. exd5 Nxd5 6. Nf3 Be7 7. Bc4 Nb6 8.
Bb3 O-O 9. h3 Bf5 10. d4 N8d7 11. O-O c6 12. Re1 h6 13. Ne5 Nf6 14. Qf3 Bh7 15.
Bxh6 gxh6 16. Qg3+ Kh8 17. Nxf7+ Rxf7 18. Bxf7 Qf8 19. Bb3 Bd6 20. Qh4 Nfd5 21.
Re6 Bf4 22. Nxd5 Nxd5 23. Bxd5 Bg5 24. Qh5 cxd5 25. Rae1 Bg8 26. R6e5 Qg7 27.
Re8 Rxe8 28. Rxe8 Qxd4 29. Qf7 Qg7 30. Qxd5 Kh7 31. Qe4+ Kh8 32. h4 Bf6 33. Rb8
Bxb2 34. Rxb7 Qd4 35. Qxd4+ Bxd4 36. a3 Bb6 37. g3 Bc4 38. a4 Kg8 39. a5 Bxa5
40. Rxa7 Bd2 41. Rd7 Ba5 42. Kg2 Bf7 43. Kf3 h5 44. Kf4 Kg7 45. f3 Be1 46. Re7
Bf2 47. Re5 Kf6 48. Rf5+ Kg6 49. Ra5 Be1 50. Ra6+ Kg7 51. Rd6 Ba5 52. Rd1 Bc7+
53. Ke3 Bb6+ 54. Ke4 Bg6+ 55. Kf4 Bc7+ 56. Kg5 Bxg3 57. Rd7+ Bf7 58. Rxf7+ Kxf7
59. Kxh5 Bf4 60. Kg4 Bd2 61. Kf5 Kg7 62. f4 Bxf4 63. Ke4 1/2-1/2

[Event "Hastings Masters"]
[Site "Hastings"]
[Date "2023.12.29"]
[Round "2.44"]
[White "Butt, Laurence A"]
[Black "Norinkeviciute, Rasa"]
[Result "1/2-1/2"]
[WhiteElo "1688"]
[BlackElo "1905"]
[PlyCount "132"]
[EventDate "2023.12.28"]
[EventType "swiss"]
[EventRounds "9"]
[EventCountry "ENG"]
[SourceTitle "BritBase"]
[Source "John Saunders"]
[SourceDate "2024.01.08"]
[SourceVersion "1"]
[SourceVersionDate "2024.01.08"]
[SourceQuality "1"]

1. d4 Nf6 2. Bg5 d5 3. Nf3 Nbd7 4. Nc3 c6 5. Qd3 Qb6 6. O-O-O e6 7. Ne5 Bb4 8.
Nxd7 Bxd7 9. Bxf6 gxf6 10. a3 Bd6 11. e4 O-O-O 12. Qf3 Be7 13. g3 Kb8 14. Bh3
dxe4 15. Qxe4 Bd6 16. Rhe1 f5 17. Qe3 h5 18. Bf1 Qc7 19. f4 h4 20. Ne2 hxg3 21.
hxg3 Rdg8 22. Kb1 Bc8 23. Bg2 Rh7 24. Bf3 Rhg7 25. Qf2 Qb6 26. Rd3 Qc7 27. c4
c5 28. Red1 f6 29. b4 cxb4 30. c5 Bf8 31. axb4 Bd7 32. Ra3 Bc6 33. d5 Bxd5 34.
Bxd5 exd5 35. Rxd5 Qc6 36. Qd4 Be7 37. Rd3 Rc8 38. Qc4 Qe6 39. Qc2 Qe4 40. Qd2
Rh7 41. R5d4 Rh1+ 42. Kb2 Qc6 43. Nc3 Rg1 44. Qe3 Rg2+ 45. Kb3 Bf8 46. Rd8 Rh2
47. R3d7 Rh8 48. Qe8 Bxc5 49. Rxc8+ Qxc8 50. Qxc8+ Kxc8 51. Rd5 Be7 52. Rxf5
Rh3 53. Ne4 Kd7 54. Kc4 Ke6 55. Rb5 b6 56. f5+ Kd7 57. Rd5+ Kc7 58. Rd3 a5 59.
bxa5 bxa5 60. Kb5 Rh5 61. Rd5 Rh1 62. Kxa5 Kc6 63. Rd4 Ra1+ 64. Ra4 Rxa4+ 65.
Kxa4 Kd5 66. Nxf6+ Ke5 1/2-1/2

[Event "Hastings Masters"]
[Site "Hastings"]
[Date "2023.12.30"]
[Round "3.1"]
[White "Lagarde, Maxime"]
[Black "Willow, Jonah B"]
[Result "1/2-1/2"]
[WhiteElo "2640"]
[BlackElo "2427"]
[PlyCount "71"]
[EventDate "2023.12.28"]
[EventType "swiss"]
[EventRounds "9"]
[EventCountry "ENG"]
[SourceTitle "BritBase"]
[Source "John Saunders"]
[SourceDate "2024.01.08"]
[SourceVersion "1"]
[SourceVersionDate "2024.01.08"]
[SourceQuality "1"]

1. c4 e6 2. Nc3 Bb4 3. e4 Ne7 4. Nf3 O-O 5. d4 c5 6. Bd3 cxd4 7. Nxd4 d5 8.
exd5 exd5 9. cxd5 Qxd5 10. O-O Bxc3 11. bxc3 Nbc6 12. Ba3 Rd8 13. Re1 Ng6 14.
Be4 Qg5 15. Rb1 Nxd4 16. cxd4 Be6 17. Rxb7 Qa5 18. Bc5 Qxa2 19. Qf3 Qd2 20.
Reb1 Qg5 21. Qe3 Qh5 22. f3 a6 23. R7b2 Bd5 24. g4 Qh4 25. Bxd5 Rxd5 26. Qe4
Qd8 27. Rb7 h5 28. R1b6 Qg5 29. h4 Qc1+ 30. Kf2 Rad8 31. Rb8 Nf4 32. Kg3 Ne6
33. Rxd8+ Rxd8 34. Rxe6 fxe6 35. Qxe6+ Kh8 36. g5 1/2-1/2

[Event "Hastings Masters"]
[Site "Hastings"]
[Date "2023.12.30"]
[Round "3.2"]
[White "Wadsworth, Matthew J"]
[Black "Gupta, Abhijeet"]
[Result "1/2-1/2"]
[WhiteElo "2448"]
[BlackElo "2596"]
[PlyCount "117"]
[EventDate "2023.12.28"]
[EventType "swiss"]
[EventRounds "9"]
[EventCountry "ENG"]
[SourceTitle "BritBase"]
[Source "John Saunders"]
[SourceDate "2024.01.08"]
[SourceVersion "1"]
[SourceVersionDate "2024.01.08"]
[SourceQuality "1"]

1. d4 Nf6 2. c4 g6 3. Nc3 Bg7 4. e4 d6 5. Nf3 O-O 6. Be2 e5 7. Be3 exd4 8. Nxd4
Re8 9. f3 c6 10. Bf2 d5 11. exd5 cxd5 12. O-O Nc6 13. c5 Bd7 14. Bb5 Nh5 15.
Bxc6 bxc6 16. Qd2 Qc7 17. Nce2 Be5 18. g3 Re7 19. b4 a5 20. a3 Ree8 21. Rac1
axb4 22. axb4 Ng7 23. Rfe1 h5 24. b5 h4 25. b6 Qb8 26. Ra1 Rxa1 27. Rxa1 Ne6
28. Nxe6 Bxa1 29. Nc7 Re7 30. gxh4 Be5 31. Bg3 Bxc7 32. Bxc7 Qe8 33. Kf2 Bc8
34. Bd6 Rxe2+ 35. Qxe2 Qxe2+ 36. Kxe2 Kg7 37. Ke3 Kf6 38. Kf4 Ke6 39. Kg5 d4
40. f4 Kd5 41. f5 gxf5 42. Kf4 d3 43. Ke3 Ba6 44. h5 Ke6 45. Bf4 f6 46. Kd2 Kf7
47. Be3 Kg7 48. Ke1 Kh7 49. Bd4 Kh6 50. Bxf6 Kxh5 51. Bc3 Kg4 52. Kf2 Kh3 53.
Kg1 Bc8 54. Bd2 Ba6 55. Be3 Bc8 56. Bc1 Ba6 57. Bd2 Bc8 58. Be3 Ba6 59. Bd2
1/2-1/2

[Event "Hastings Masters"]
[Site "Hastings"]
[Date "2023.12.30"]
[Round "3.3"]
[White "Zhang, Pengxiang"]
[Black "Derakhshani, Borna"]
[Result "1-0"]
[WhiteElo "2558"]
[BlackElo "2380"]
[PlyCount "75"]
[EventDate "2023.12.28"]
[EventType "swiss"]
[EventRounds "9"]
[EventCountry "ENG"]
[SourceTitle "BritBase"]
[Source "John Saunders"]
[SourceDate "2024.01.08"]
[SourceVersion "1"]
[SourceVersionDate "2024.01.08"]
[SourceQuality "1"]

1. e4 c5 2. Nf3 Nc6 3. d4 cxd4 4. Nxd4 Nf6 5. Nc3 e5 6. Ndb5 d6 7. Bg5 a6 8.
Na3 b5 9. Nd5 Be7 10. Bxf6 Bxf6 11. c3 Rb8 12. Nc2 Bg5 13. a4 bxa4 14. Ncb4
Nxb4 15. cxb4 O-O 16. Rxa4 a5 17. b5 Bd7 18. h4 Bh6 19. Nc3 d5 20. exd5 Kh8 21.
Be2 f5 22. g3 Rb6 23. O-O e4 24. d6 Be6 25. Rd4 Rf6 26. d7 Bf4 27. Nd5 Bxd5 28.
Rxd5 Rbd6 29. Rxd6 Rxd6 30. Qb3 Be5 31. Qf7 Rxd7 32. Qxf5 Bxb2 33. Rb1 Rd2 34.
b6 g6 35. Qf4 a4 36. b7 a3 37. b8=Q a2 38. Qxb2+ 1-0

[Event "Hastings Masters"]
[Site "Hastings"]
[Date "2023.12.30"]
[Round "3.4"]
[White "Royal, Shreyas"]
[Black "Jacobson, Brandon"]
[Result "1-0"]
[WhiteElo "2438"]
[BlackElo "2538"]
[PlyCount "125"]
[EventDate "2023.12.28"]
[EventType "swiss"]
[EventRounds "9"]
[EventCountry "ENG"]
[SourceTitle "BritBase"]
[Source "John Saunders"]
[SourceDate "2024.01.08"]
[SourceVersion "1"]
[SourceVersionDate "2024.01.08"]
[SourceQuality "1"]

1. d4 Nf6 2. c4 e6 3. Nc3 Bb4 4. e3 O-O 5. Bd3 d5 6. a3 Bxc3+ 7. bxc3 dxc4 8.
Bxc4 c5 9. Nf3 Qc7 10. Be2 b6 11. Bb2 Bb7 12. O-O Rd8 13. Re1 Nc6 14. Rc1 Rac8
15. Bd3 c4 16. Bxc4 Na5 17. Bf1 Bxf3 18. Qxf3 Nc4 19. Bxc4 Qxc4 20. Rcd1 Qb3
21. Rd2 Ne8 22. Qd1 Qxd1 23. Rdxd1 Rc4 24. e4 Nd6 25. Rd3 Kf8 26. f3 Ke7 27.
Kf2 Ra4 28. Rb1 Nc4 29. Bc1 Ra5 30. Rb3 Rc8 31. Ke2 Kd6 32. Kd1 f5 33. Kc2 Rf8
34. exf5 exf5 35. Rb4 Kd5 36. a4 a6 37. Rd1 b5 38. axb5 axb5 39. Re1 Rf7 40.
Re8 Kc6 41. Kd3 f4 42. Rc8+ Kd7 43. Rc5 Nd6 44. Rb3 Ra1 45. Kc2 Ra2+ 46. Rb2
Ra1 47. Rb1 Ra2+ 48. Bb2 Re7 49. Kb3 Ra7 50. Rd5 b4 51. Bc1 bxc3 52. Kxc3 Rf7
53. Rb6 Rc7+ 54. Kd2 Rc6 55. Rb7+ Ke6 56. Rxf7 Nxf7 57. Rh5 Rc4 58. Rxh7 g5 59.
d5+ Kf6 60. Bb2+ Ne5 61. d6 Rb4 62. Bc3 Rb5 63. Re7 1-0

[Event "Hastings Masters"]
[Site "Hastings"]
[Date "2023.12.30"]
[Round "3.5"]
[White "Gallagher, Joseph G"]
[Black "Laurent-Paoli, Pierre"]
[Result "0-1"]
[WhiteElo "2427"]
[BlackElo "2524"]
[PlyCount "64"]
[EventDate "2023.12.28"]
[EventType "swiss"]
[EventRounds "9"]
[EventCountry "ENG"]
[SourceTitle "BritBase"]
[Source "John Saunders"]
[SourceDate "2024.01.08"]
[SourceVersion "1"]
[SourceVersionDate "2024.01.08"]
[SourceQuality "1"]

1. e4 c5 2. Nf3 e6 3. c3 Nf6 4. e5 Nd5 5. g3 Nc6 6. Bg2 d6 7. exd6 Bxd6 8. d4
cxd4 9. Nxd4 Nxd4 10. Qxd4 O-O 11. O-O Qc7 12. Nd2 Bd7 13. Ne4 Be5 14. Qd3 Rad8
15. Ng5 Nf6 16. Nf3 Bc6 17. Qe2 Bd6 18. Bg5 Be7 19. Bf4 Qa5 20. c4 Be4 21. Ne5
Rd4 22. Nf3 Bd3 23. Qe3 Rdd8 24. Rfc1 Bc5 25. Qe1 Qb6 26. Be3 Bxe3 27. Qxe3
Qxb2 28. Qxa7 b6 29. Ne1 Bf5 30. h3 Rd2 31. c5 Qd4 32. cxb6 Qxf2+ 0-1

[Event "Hastings Masters"]
[Site "Hastings"]
[Date "2023.12.30"]
[Round "3.6"]
[White "Petrov, Martin"]
[Black "Unuk, Laura"]
[Result "1/2-1/2"]
[WhiteElo "2501"]
[BlackElo "2345"]
[PlyCount "139"]
[EventDate "2023.12.28"]
[EventType "swiss"]
[EventRounds "9"]
[EventCountry "ENG"]
[SourceTitle "BritBase"]
[Source "John Saunders"]
[SourceDate "2024.01.08"]
[SourceVersion "1"]
[SourceVersionDate "2024.01.08"]
[SourceQuality "1"]

1. c4 e6 2. Nf3 d5 3. e3 Nf6 4. Nc3 c5 5. cxd5 exd5 6. d4 a6 7. Be2 Nc6 8. O-O
Bd6 9. b3 O-O 10. Bb2 cxd4 11. Nxd4 Ne5 12. Rc1 Re8 13. Nf3 Nc6 14. g3 Bf8 15.
Re1 h6 16. a3 Bh3 17. Bf1 Bxf1 18. Rxf1 Qd6 19. Qd3 Rad8 20. Rfd1 Qe6 21. Ne2
Qg4 22. Kg2 Ne4 23. h3 Qf5 24. Nf4 Rd6 25. Rc5 Red8 26. g4 Qxf4 27. Rxc6 Qxf3+
28. Kxf3 Rxc6 29. Rc1 Rxc1 30. Bxc1 Nc5 31. Qd1 Ne6 32. Bb2 Bc5 33. b4 Bb6 34.
Kg2 d4 35. exd4 Bxd4 36. Bxd4 Rxd4 37. Qc2 Rd8 38. h4 g5 39. Kg3 Kg7 40. Qe4
Rd7 41. Qe5+ Kh7 42. Qf6 b5 43. f3 Rc7 44. Kf2 Ra7 45. Ke1 Rd7 46. hxg5 hxg5
47. f4 gxf4 48. g5 Kg8 49. g6 Nc7 50. g7 Ne6 51. Qh6 Nxg7 52. Qxa6 Re7+ 53. Kf2
Re5 54. a4 bxa4 55. b5 Ne6 56. b6 Nc5 57. Qa8+ Kg7 58. Kf3 Re6 59. Qa5 Nb7 60.
Qa7 a3 61. Qxb7 a2 62. Qa7 Rxb6 63. Qxa2 Re6 64. Qd5 Rg6 65. Qd4+ Kg8 66. Kxf4
Re6 67. Kf5 Rg6 68. Qe5 Re6 69. Qxe6 fxe6+ 70. Kxe6 1/2-1/2

[Event "Hastings Masters"]
[Site "Hastings"]
[Date "2023.12.30"]
[Round "3.7"]
[White "Cherniaev, Alexander"]
[Black "Sengupta, Deep"]
[Result "1-0"]
[WhiteElo "2381"]
[BlackElo "2501"]
[PlyCount "111"]
[EventDate "2023.12.28"]
[EventType "swiss"]
[EventRounds "9"]
[EventCountry "ENG"]
[SourceTitle "BritBase"]
[Source "John Saunders"]
[SourceDate "2024.01.08"]
[SourceVersion "1"]
[SourceVersionDate "2024.01.08"]
[SourceQuality "1"]

1. e4 e6 2. d4 d5 3. Bd3 c5 4. exd5 exd5 5. c3 cxd4 6. cxd4 Nc6 7. Nc3 Nf6 8.
Be3 Bd6 9. h3 O-O 10. Nf3 h6 11. O-O a6 12. Rc1 Re8 13. a3 Bc7 14. Qc2 Be6 15.
Qd2 Na5 16. Bxh6 Ne4 17. Nxe4 dxe4 18. Bxe4 Bc4 19. Rfe1 Nb3 20. Qb4 Nxc1 21.
Qxc4 Rc8 22. Qxc1 Ba5 23. Qf4 Bxe1 24. Qg4 Qf6 25. Bg5 Bxf2+ 26. Kxf2 Qb6 27.
b4 Rc3 28. Qh4 Rxe4 29. Qxe4 Qe6 30. Qxb7 Rxa3 31. Bd2 Qf5 32. Qb8+ Kh7 33. Qe5
Qc2 34. Qf4 f6 35. h4 Kg6 36. Kg3 Qf5 37. Qg4+ Qxg4+ 38. Kxg4 Kf7 39. Kf5 g6+
40. Ke4 Ke6 41. d5+ Kd6 42. Kd4 Ra2 43. g3 a5 44. Bf4+ Kd7 45. bxa5 Ra4+ 46.
Kc5 Rxa5+ 47. Kc4 Ra3 48. Nd2 g5 49. hxg5 fxg5 50. Be5 Ra4+ 51. Kd3 Ke7 52. Nc4
Ra6 53. Kd4 Ra2 54. Nb6 Rb2 55. d6+ Ke6 56. d7 1-0

[Event "Hastings Masters"]
[Site "Hastings"]
[Date "2023.12.30"]
[Round "3.8"]
[White "Sulskis, Sarunas"]
[Black "Nielsen, Andre"]
[Result "0-1"]
[WhiteElo "2490"]
[BlackElo "2239"]
[PlyCount "108"]
[EventDate "2023.12.28"]
[EventType "swiss"]
[EventRounds "9"]
[EventCountry "ENG"]
[SourceTitle "BritBase"]
[Source "John Saunders"]
[SourceDate "2024.01.08"]
[SourceVersion "1"]
[SourceVersionDate "2024.01.08"]
[SourceQuality "1"]

1. c4 e5 2. g3 Nf6 3. Bg2 Bc5 4. Nc3 O-O 5. Nf3 e4 6. Ng5 Bxf2+ 7. Kxf2 Ng4+ 8.
Kg1 Qxg5 9. Nxe4 Qe7 10. d4 f5 11. Nc3 Ne3 12. Nd5 Nxd5 13. cxd5 d6 14. Qc2 Nd7
15. Qxc7 Qxe2 16. Qc3 Nf6 17. Bf4 Ne4 18. Bxe4 fxe4 19. h3 Qb5 20. Qb3 Qxb3 21.
axb3 Rd8 22. Kf2 b6 23. Rhc1 Bxh3 24. Rc6 e3+ 25. Bxe3 Rd7 26. Bf4 Rad8 27.
Rac1 h6 28. Rc8 g5 29. Rxd8+ Rxd8 30. Be3 Bf5 31. Bd2 Kf7 32. Kf3 Rd7 33. g4
Bg6 34. Rc8 Bb1 35. Rh8 Kg7 36. Re8 Bc2 37. Re3 Bd1+ 38. Kg3 Bc2 39. Kh3 Bg6
40. Re6 Bf7 41. Bb4 Bxe6 42. dxe6 Rd8 43. d5 Kf6 44. Bc3+ Ke7 45. Kg3 Rc8 46.
Bd4 Rc1 47. Kf3 Rd1 48. Ke4 Re1+ 49. Kf5 Rf1+ 50. Kg6 Rf4 51. Bg7 Rxg4 52. Bxh6
Rd4 53. Bxg5+ Ke8 54. Kf6 Rxd5 0-1

[Event "Hastings Masters"]
[Site "Hastings"]
[Date "2023.12.30"]
[Round "3.9"]
[White "Arkell, Keith C"]
[Black "Gasanov, Eldar"]
[Result "1/2-1/2"]
[WhiteElo "2371"]
[BlackElo "2487"]
[PlyCount "54"]
[EventDate "2023.12.28"]
[EventType "swiss"]
[EventRounds "9"]
[EventCountry "ENG"]
[SourceTitle "BritBase"]
[Source "John Saunders"]
[SourceDate "2024.01.08"]
[SourceVersion "1"]
[SourceVersionDate "2024.01.08"]
[SourceQuality "1"]

1. d4 Nf6 2. Nf3 b6 3. c4 Bb7 4. g3 g6 5. Bg2 Bg7 6. O-O O-O 7. d5 Na6 8. Nc3
Nc5 9. Be3 Ng4 10. Bd4 e5 11. dxe6 dxe6 12. Bxg7 Kxg7 13. Qxd8 Raxd8 14. Rfd1
Bxf3 15. Bxf3 Ne5 16. b3 Nxf3+ 17. exf3 g5 18. Kf1 c6 19. Ke2 a5 20. Ke3 Kf6
21. f4 gxf4+ 22. Kxf4 e5+ 23. Ke3 Kf5 24. f3 h5 25. Rxd8 Rxd8 26. Rd1 Rxd1 27.
Nxd1 e4 1/2-1/2

[Event "Hastings Masters"]
[Site "Hastings"]
[Date "2023.12.30"]
[Round "3.10"]
[White "Grutter, Tim"]
[Black "Ghasi, Ameet K"]
[Result "0-1"]
[WhiteElo "2342"]
[BlackElo "2509"]
[PlyCount "120"]
[EventDate "2023.12.28"]
[EventType "swiss"]
[EventRounds "9"]
[EventCountry "ENG"]
[SourceTitle "BritBase"]
[Source "John Saunders"]
[SourceDate "2024.01.08"]
[SourceVersion "1"]
[SourceVersionDate "2024.01.08"]
[SourceQuality "1"]

1. e4 c6 2. Nf3 d5 3. d3 Nd7 4. Nc3 Ngf6 5. e5 d4 6. exf6 dxc3 7. fxe7 Qxe7+ 8.
Qe2 Qxe2+ 9. Bxe2 Bb4 10. O-O O-O 11. d4 Re8 12. Bd3 Nb6 13. a3 cxb2 14. Bxb2
Ba5 15. c4 f6 16. h3 Be6 17. Rac1 Bf7 18. Rfd1 Rad8 19. Nd2 Nd7 20. Nb3 Bb6 21.
Re1 Rxe1+ 22. Rxe1 Ne5 23. Bf1 Nxc4 24. Bxc4 Bxc4 25. Nc5 Bxc5 26. dxc5 Rd2 27.
Bc3 Rc2 28. Re3 Kf7 29. Bb4 Bd5 30. Rc3 Rb2 31. Re3 g5 32. Bc3 Rb1+ 33. Re1 Rb5
34. Bd4 Rb3 35. Re3 Rb1+ 36. Kh2 Rd1 37. Bc3 h5 38. Re1 Rd3 39. Rc1 b6 40. Bb4
b5 41. Ra1 Rd4 42. Re1 Rc4 43. Re2 Rc1 44. Re3 Rc2 45. Kg1 f5 46. Re5 Be6 47.
f3 Kf6 48. Re3 f4 49. Re4 Bd5 50. Re8 g4 51. hxg4 hxg4 52. fxg4 Rxg2+ 53. Kf1
f3 54. Rf8+ Ke7 55. Rf5 Rxg4 56. Bc3 Rc4 57. Re5+ Kd7 58. Re3 Rxc5 59. Bd4 Rc2
60. Re5 a5 0-1

[Event "Hastings Masters"]
[Site "Hastings"]
[Date "2023.12.30"]
[Round "3.11"]
[White "Edouard, Romain"]
[Black "Fischer, Daniel"]
[Result "1/2-1/2"]
[WhiteElo "2527"]
[BlackElo "2341"]
[PlyCount "73"]
[EventDate "2023.12.28"]
[EventType "swiss"]
[EventRounds "9"]
[EventCountry "ENG"]
[SourceTitle "BritBase"]
[Source "John Saunders"]
[SourceDate "2024.01.08"]
[SourceVersion "1"]
[SourceVersionDate "2024.01.08"]
[SourceQuality "1"]

1. Nf3 d5 2. g3 Bg4 3. Bg2 c6 4. h3 Bxf3 5. Bxf3 e5 6. d3 Nf6 7. Bg2 Bc5 8. Nd2
O-O 9. O-O Nbd7 10. e4 dxe4 11. dxe4 Qe7 12. a4 h6 13. a5 b5 14. Qe2 a6 15. Nf3
Rfe8 16. Nh4 Qd8 17. Nf5 Qc7 18. Bd2 Bf8 19. Rae1 Rad8 20. f4 exf4 21. gxf4 Nc5
22. Bc3 Ncxe4 23. Nxh6+ Kh8 24. Bxe4 Rxe4 25. Qf3 Rxe1 26. Rxe1 Re8 27. Be5 Bd6
28. Re2 Bxe5 29. fxe5 gxh6 30. Qxf6+ Kh7 31. Rf2 Rg8+ 32. Kh2 Rg7 33. b4 Qa7
34. Rg2 Rxg2+ 35. Kxg2 Qd7 36. Qd6 Qf5 37. Qxc6 1/2-1/2

[Event "Hastings Masters"]
[Site "Hastings"]
[Date "2023.12.30"]
[Round "3.14"]
[White "Mikhalevski, Victor"]
[Black "Bozinakis, Pavlos"]
[Result "1-0"]
[WhiteElo "2524"]
[BlackElo "2274"]
[PlyCount "81"]
[EventDate "2023.12.28"]
[EventType "swiss"]
[EventRounds "9"]
[EventCountry "ENG"]
[SourceTitle "BritBase"]
[Source "John Saunders"]
[SourceDate "2024.01.08"]
[SourceVersion "1"]
[SourceVersionDate "2024.01.08"]
[SourceQuality "1"]

1. d4 Nf6 2. c4 Nc6 3. Nf3 e6 4. a3 d6 5. Nc3 g6 6. e4 Bg7 7. Be2 O-O 8. O-O
Re8 9. Be3 e5 10. dxe5 dxe5 11. h3 Be6 12. Re1 Qc8 13. Qc2 Nh5 14. Rad1 Nf4 15.
Bf1 h6 16. Nd5 g5 17. b4 Ne7 18. Bxf4 exf4 19. e5 Nxd5 20. cxd5 Bf5 21. Bd3
Bxd3 22. Qxd3 Qd7 23. Qb3 Rad8 24. e6 Qe7 25. Nd4 Bxd4 26. Rxd4 Rd6 27. Rde4 f6
28. Rc4 c6 29. dxc6 bxc6 30. Rce4 Kg7 31. h4 Red8 32. h5 Rd3 33. Qc2 R8d6 34.
Rc4 f3 35. gxf3 Kf8 36. b5 Rd2 37. Qg6 cxb5 38. Qxh6+ Kg8 39. Rc7 Qxc7 40. e7
Re6 41. Qg6+ 1-0

[Event "Hastings Masters"]
[Site "Hastings"]
[Date "2023.12.30"]
[Round "3.32"]
[White "Lahlum, Hans Olav"]
[Black "Verbytski, Oleg"]
[Result "1/2-1/2"]
[WhiteElo "2037"]
[BlackElo "1771"]
[PlyCount "59"]
[EventDate "2023.12.28"]
[EventType "swiss"]
[EventRounds "9"]
[EventCountry "ENG"]
[SourceTitle "BritBase"]
[Source "John Saunders"]
[SourceDate "2024.01.08"]
[SourceVersion "1"]
[SourceVersionDate "2024.01.08"]
[SourceQuality "1"]

1. d4 d5 2. c4 e6 3. Nc3 Nf6 4. cxd5 exd5 5. Bg5 Nbd7 6. Nf3 Be7 7. e3 O-O 8.
Bd3 Re8 9. Qc2 c6 10. O-O h6 11. Bh4 Ne4 12. Bxe7 Qxe7 13. b4 Ndf6 14. b5 Bd7
15. bxc6 Bxc6 16. Rac1 Rac8 17. Qb2 Rc7 18. Ne5 Rec8 19. Rc2 Nd7 20. Nxd7 Qxd7
21. Rfc1 Nxc3 22. Qxc3 g6 23. h3 Qd8 24. Be2 Ba4 25. Qxc7 Rxc7 26. Rxc7 Bc6 27.
R1xc6 bxc6 28. Rxc6 Qa5 29. Ra6 Qe1+ 30. Bf1 1/2-1/2

[Event "Hastings Masters"]
[Site "Hastings"]
[Date "2023.12.30"]
[Round "3.47"]
[White "Damodaran, Patrick"]
[Black "Dewangan, Aayush"]
[Result "1/2-1/2"]
[WhiteElo "1798"]
[BlackElo "1655"]
[PlyCount "121"]
[EventDate "2023.12.28"]
[EventType "swiss"]
[EventRounds "9"]
[EventCountry "ENG"]
[SourceTitle "BritBase"]
[Source "John Saunders"]
[SourceDate "2024.01.08"]
[SourceVersion "1"]
[SourceVersionDate "2024.01.08"]
[SourceQuality "1"]

1. d4 Nf6 2. c4 g6 3. Nc3 d5 4. cxd5 Nxd5 5. e4 Nxc3 6. bxc3 Bg7 7. Bc4 O-O 8.
Ne2 Nc6 9. Be3 b6 10. O-O Bb7 11. f4 Qd6 12. f5 Na5 13. Bd3 Rad8 14. Nf4 e5 15.
fxe6 fxe6 16. Qg4 e5 17. Qe6+ Kh8 18. Qxd6 cxd6 19. Ne6 Rxf1+ 20. Rxf1 Rd7 21.
d5 h6 22. Bb5 Re7 23. Nd8 Kg8 24. Bc1 a6 25. Nxb7 Nxb7 26. Bxa6 Nc5 27. Bb5
Nxe4 28. c4 Nc5 29. Be3 g5 30. Bxc5 bxc5 31. a4 e4 32. Kf2 e3+ 33. Ke2 Bc3 34.
Rf3 Kg7 35. Rf1 Rf7 36. Rxf7+ Kxf7 37. Kxe3 Kf6 38. Kf3 h5 39. Be8 h4 40. Kg4
Bd2 41. Kh5 Bc3 42. Kh6 Bd2 43. Kh7 Ke7 44. Bh5 Bf4 45. a5 Kd7 46. Be8+ Kc7 47.
h3 Kb7 48. Bb5 Bd2 49. Kg6 Bxa5 50. Kxg5 Be1 51. Kf6 Bg3 52. Ba4 Ka8 53. Bd1
Ka7 54. Bf3 Kb7 55. Kf5 Ka7 56. Ke4 Kb7 57. Kd3 Kc7 58. Bh5 Kd7 59. Ke4 Ke7 60.
Kf5 Kd7 61. Ke4 1/2-1/2

[Event "Hastings Masters"]
[Site "Hastings"]
[Date "2023.12.31"]
[Round "4.1"]
[White "Nielsen, Andre"]
[Black "Zhang, Pengxiang"]
[Result "0-1"]
[WhiteElo "2239"]
[BlackElo "2558"]
[PlyCount "114"]
[EventDate "2023.12.28"]
[EventType "swiss"]
[EventRounds "9"]
[EventCountry "ENG"]
[SourceTitle "BritBase"]
[Source "John Saunders"]
[SourceDate "2024.01.08"]
[SourceVersion "1"]
[SourceVersionDate "2024.01.08"]
[SourceQuality "1"]

1. e4 e6 2. d4 d5 3. Nc3 Nf6 4. Bg5 dxe4 5. Nxe4 Be7 6. Nxf6+ Bxf6 7. Bxf6 Qxf6
8. Nf3 O-O 9. Qd3 c5 10. O-O-O Rd8 11. Qe4 Nc6 12. Bd3 Qh6+ 13. Kb1 cxd4 14.
Rhe1 Bd7 15. g4 Nb4 16. Nxd4 Bc6 17. Nxc6 Nxc6 18. Bb5 Qxh2 19. f4 Rxd1+ 20.
Rxd1 Rd8 21. Rxd8+ Nxd8 22. Qf3 Qg1+ 23. Bf1 g6 24. a4 h5 25. gxh5 gxh5 26. Ka2
Qd4 27. b3 Nc6 28. f5 Qg4 29. Be2 exf5 30. Qe3 Qe4 31. Qg5+ Kf8 32. Bd3 Nb4+
33. Ka3 Nxd3 34. Qd8+ Qe8 35. Qxd3 Qe7+ 36. Ka2 Qf6 37. Qf3 f4 38. Qxh5 f3 39.
Qc5+ Kg7 40. Qg1+ Qg6 41. Qd4+ f6 42. Qd7+ Kh6 43. Qh3+ Qh5 44. Qg3 Qf5 45.
Qh4+ Kg6 46. Qg3+ Kh5 47. Qh2+ Kg4 48. Qg1+ Kf4 49. Qd4+ Qe4 50. Qxf6+ Ke3 51.
Qg5+ Ke2 52. Qb5+ Kd2 53. Qa5+ Kd1 54. Qxa7 Qxc2+ 55. Ka3 Qc1+ 56. Ka2 Qd2+ 57.
Ka3 f2 0-1